000 00729nam a22001937a 4500
999 _c20910
_d20910
003 OSt
005 20240827144744.0
008 240827b ||||| |||| 00| 0 eng d
040 _c0
082 _aDPer 379.1 J826 Winter-Spring 2021 v. 46, n. 3-4
100 _aKelly, Matthew Gardner.
_eauthor.
_959013
245 _aPennsylvania /
_cMatthew Gardner Kelly, F. Frank Ayata, and Jeremy Anderson.
260 _aIllinois, United States;
_bUniversity of Illinois Press and Johns Hopkins University Press,
_cWinter 2021.
300 _aVolume 46, pages 345-347.
700 _aKelly, Matthew Gardner.
_eauthor.
_959013
700 _aAyata, F. Frank.
_eauthor.
_959014
700 _aAnderson, Jeremy.
_eauthor.
_959015
942 _2ddc
_cPER